Central Library OPAC University of Rajshahi

Evolutionary naturalism / (Record no. 28673)

MARC details
000 -LEADER
fixed length control field 00672nam a2200241 4500
001 - CONTROL NUMBER
control field 28673
003 - CONTROL NUMBER IDENTIFIER
rucl marc code BD-RjUL
005 - DATE AND TIME OF LATEST TRANSACTION
control field 20211209051320.0
008 - FIXED-LENGTH DATA ELEMENTS--GENERAL INFORMATION
fixed length control field 140331r19691922nyu 00100 eng d
035 ## - SYSTEM CONTROL NUMBER
System control number (BD-RjUL)28755
040 ## - CATALOGING SOURCE
Original cataloging agency DLC
Language of cataloging eng
Transcribing agency DLC
Modifying agency BD-RjUL
041 ## - LANGUAGE CODE
Language code of text/sound track or separate title eng
082 00 - DEWEY DECIMAL CLASSIFICATION NUMBER
Classification number 146
Author mark and year SEE 1969
100 10 - MAIN ENTRY--PERSONAL NAME
Personal name Sellars, Roy Wood,
Dates associated with a name 1880--
9 (RLIN) 87748
245 1# - TITLE STATEMENT
Title Evolutionary naturalism /
Statement of responsibility, etc. Roy Wood Sellars.
260 0# - PUBLICATION, DISTRIBUTION, ETC. (IMPRINT)
Place of publication, distribution, etc. New York :
Name of publisher, distributor, etc. Russell & Russell,
Date of publication, distribution, etc. 1922 [reissued 1969].
300 ## - PHYSICAL DESCRIPTION
Pagination 357 p. ;
Size 23 cm.
500 ## - GENERAL NOTE
General note Reprint of the 1922 ed.
504 ## - BIBLIOGRAPHY, ETC. NOTE
Bibliography, etc Includes index.
650 #0 - SUBJECT ADDED ENTRY--TOPICAL TERM
Topical term or geographic name as entry element Naturalism.
9 (RLIN) 4253
942 ## - ADDED ENTRY ELEMENTS (KOHA)
Source of classification or shelving scheme Dewey Decimal Classification
Koha item type Books
Holdings
Lost status Source of classification or shelving scheme Damaged status Not for loan Collection code Permanent Location Current Location Shelving location Date acquired Cost, normal purchase price Total Checkouts Full call number Date last seen Copy number Koha item type
  Dewey Decimal Classification   Added to bundle Non-fiction Central Library, University of Rajshahi Central Library, University of Rajshahi Reading Room   1985.00   146 SEE 1969 31/03/2014 C-1 Books